000 00429nam a2200169Ia 4500
005 20250508160133.0
008 008 250505s9999 xx 000 0 eng d
037 _aTextual
040 _aFEDL
_beng
_cFEDL
041 _aeng
_2eng
084 _a301.2459597, VIE
_qFEDL
245 0 _aVietnam 1970
300 _a46p.
650 _aSociology
942 _cTEXL
_h301.2459597, VIE
999 _c1362071
_d1362071